| 000 | 00592nam a2200205Ia 4500 | ||
|---|---|---|---|
| 003 | GCL | ||
| 008 | 140319s9999 xx 000 0 ara d | ||
| 040 |
_aGCL / _cGCL |
||
| 082 | 0 | 4 |
_a614.71 _bح ح |
| 100 | 1 | _aحامد حسن طنطاوى | |
| 245 | 1 | 0 |
_aحماية البيئة من التلوث بالفيروسات / _cحامد حسن طنطاوى |
| 700 | 1 | _aسعدون خليفة | |
| 300 | _a233 ص | ||
| 490 | _a | ||
| 650 | 0 | 4 | _aتلوث البيئة |
| 650 | 0 | 4 | _aالفيروسات |
| 650 | 0 | 4 | _aحماية البيئة |
| 650 | 0 | 4 | _aتلوث الهواء |
| 942 |
_2ddc _cBK |
||
| 999 |
_c45457 _d45457 |
||